Paszab község emberföldrajzi leírása
Elmentve itt :
| Szerző: | |
|---|---|
| További közreműködők: | |
| Dokumentumtípus: | Cikk |
| Sorozat: | Kolligátum
|
| Kulcsszavak: | Társadalomtörténet - falusi - Magyarország - regionális Paszab - honismeret |
| Online Access: | http://misc.bibl.u-szeged.hu/24498 |
| LEADER | 00607nab a2200169 i 4500 | ||
|---|---|---|---|
| 001 | misc24498 | ||
| 005 | 20191111110821.0 | ||
| 008 | 170803suuuu hu o 0|| zxx d | ||
| 040 | |a SZTE Miscellanea Repozitórium |b hun | ||
| 041 | |a zxx | ||
| 100 | 1 | |a Oláh István | |
| 245 | 1 | 0 | |a Paszab község emberföldrajzi leírása |h [elektronikus dokumentum] / |c Oláh István |
| 300 | |a 25-43 | ||
| 490 | 0 | |a Kolligátum | |
| 695 | |a Társadalomtörténet - falusi - Magyarország - regionális Paszab - honismeret | ||
| 700 | 0 | 1 | |a Oláh Károly |
| 856 | 4 | 0 | |u http://misc.bibl.u-szeged.hu/24498/1/011_018_025-043.pdf |z Dokumentum-elérés |